Statistics for Most Common Native American Languages

Click here to take the quiz!

General Stats

  • This quiz has been taken 1,243 times
  • The average score is 6 of 19

Answer Stats

# of SpeakersLanguage% Correct
169,471Navajo
93%
11,610Cherokee
81%
18,616Dakota
59%
13,063Apache
51%
2,076Eskimo
38%
8,371Ojibwa
36%
5,064Muskogee
35%
10,343Choctaw
33%
6,634Hopi
30%
2,156Cheyenne
24%
12,945Keres
21%
3,705Crow
20%
18,950Yupik
18%
9,686Zuni
15%
2,211Shoshoni
14%
7,270Pima
11%
7,203Inupik
5%
2,009Tiwa
4%
5,176Tewa
3%

Score Distribution

Percentile by Number Answered

Percent of People with Each Score

Your Score History

You have not taken this quiz